Estatísticas para Capitais mundiais mais próximas a Jerusalém

Clique aqui para jogar o quiz

Estatísticas Gerais

  • Esse quiz foi jogado 62 vezes
  • A pontuação média é 13 de 20

Respostas no mapa

Respostas codificadas por cores de uma escala verde-vermelha no mapa do quiz de acordo com a % correta abaixo.
 

Estatísticas das Respostas

kmCapital% Correto
932Ancara
95%
430Cairo
95%
237Beirute
86%
217Damasco
86%
1256Atenas
84%
879Bagdá
84%
1559Teerã
82%
71Amã
80%
1376Riade
77%
415Nicosia
75%
1628Baku
64%
1396Tbilisi
64%
1606Sófia
61%
1619Bucareste
59%
1736Tirana
50%
1250Cidade de Kuwait
41%
1616Manama
41%
1735Pristina
41%
1253Yerevan
34%
1670Skopje
25%

Distribuição das Pontuações

Percentil de Números Respondidos

Porcentagem de Pessoas com Cada Pontuação

Sua Pontuação Histórica

Você não jogou esse quiz